Statistics for Disney Animals

Click here to take the quiz!

General Stats

  • This quiz has been taken 120,027 times
  • The average score is 14 of 21

Answer Stats

Character Type % Correct
MickeyMouse
100%
SimbaLion
98%
DumboElephant
98%
BambiDeer
96%
EeyoreDonkey
88%
BalooBear
87%
ThumperRabbit
85%
JiminyCricket
84%
AbuMonkey
82%
PumbaaWarthog
79%
TimonMeerkat
73%
SebastianCrab
71%
DuchessCat
71%
MushuDragon
65%
Prince NaveenFrog
59%
IagoParrot
50%
Shenzi, Banzai and EdHyena
50%
KerchakGorilla
36%
MeekoRaccoon
32%
Flaps, Buzzie, Dizzy and ZiggyVulture
19%
DjaliGoat
17%

Score Distribution

Percentile by Number Answered

Percent of People with Each Score

Your Score History

You have not taken this quiz